[Event "Tirol Landesliga 2223"]
[Site "Austria"]
[Date "2022.10.02"]
[Round "2.6"]
[White "Wechselberger, Leonhard"]
[Black "Streiter, Gerhard"]
[Result "0-1"]
[WhiteElo "1503"]
[BlackElo "1955"]
[PlyCount "118"]
[EventDate "2022.10.01"]
[EventType "team-tourn"]
[EventRounds "9"]
[EventCountry "AUT"]
[SourceTitle "EXT 2024"]
[Source "ChessBase"]
[SourceDate "2023.10.10"]
[SourceVersion "1"]
[SourceVersionDate "2023.10.10"]
[SourceQuality "1"]
[WhiteTeam "Fuegen/Mayrhofen/Zillertal"]
[BlackTeam "Schwaz"]
[WhiteTeamCountry "AUT"]
[BlackTeamCountry "AUT"]

1. d4 Nf6 2. c4 e6 3. Nf3 d5 4. Nc3 c5 5. cxd5 Nxd5 6. e4 Nxc3 7. bxc3 cxd4 8. Bb5+ Bd7 9. Bxd7+ Qxd7 10. cxd4 Bb4+ 11. Bd2 Bxd2+ 12. Qxd2 0-0 13. 0-0 Rd8 14. Rad1 Nc6 15. Qb2 Na5 16. Rc1 Rac8 17. Rxc8 Rxc8 18. h3 Nc4 19. Qb3 b5 20. Rc1 h6 21. Rd1 a6 22. d5 exd5 23. Rxd5 Qe6 24. Qd3 Re8 25. e5 Qc6 26. Qd4 Rc8 27. Rd8+ Rxd8 28. Qxd8+ Kh7 29. Nd4 Qe4 30. Nf3 Nxe5 31. Nxe5 Qxe5 32. Qd3+ g6 33. Qd2 Kg7 34. g3 h5 35. h4 Qc5 36. Qb2+ Kg8 37. Qd2 b4 38. Qd8+ Kg7 39. Qd2 a5 40. Qe2 a4 41. Kg2 Qd5+ 42. Kh2 b3 43. axb3 axb3 44. Qb2+ Kg8 45. Qc3 Qb7 46. Qb2 Qb4 47. Kg1 Qc4 48. Qd2 Kf8 49. Qd8+ Kg7 50. Qd2 Kf6 51. Qd6+ Kf5 52. Qd7+ Ke4 53. Kg2 Qd5 54. Qe7+ Kd3+ 55. Kh2 b2 56. Qa3+ Kc2 57. Qa4+ Qb3 58. Qe4+ Qd3 59. Qc6+ Kd2 0-1

[Event "Tirol Landesliga 2223"]
[Site "Austria"]
[Date "2022.10.01"]
[Round "1.6"]
[White "Irschick, Christoph"]
[Black "Wechselberger, Leonhard"]
[Result "1-0"]
[WhiteElo "2025"]
[BlackElo "1503"]
[PlyCount "71"]
[EventDate "2022.10.01"]
[EventType "team-tourn"]
[EventRounds "9"]
[EventCountry "AUT"]
[SourceTitle "EXT 2024"]
[Source "ChessBase"]
[SourceDate "2023.10.10"]
[SourceVersion "1"]
[SourceVersionDate "2023.10.10"]
[SourceQuality "1"]
[WhiteTeam "Voels/Innsbruck"]
[BlackTeam "Fuegen/Mayrhofen/Zillertal"]
[WhiteTeamCountry "AUT"]
[BlackTeamCountry "AUT"]

1. c4 Nf6 2. g3 g6 3. Bg2 Bg7 4. Nc3 0-0 5. e4 d6 6. Nge2 c5 7. 0-0 Nc6 8. d3 Bd7 9. h3 a6 10. Be3 Rb8 11. Qd2 b5 12. f4 Qc8 13. Kh2 e5 14. g4 b4 15. Nd5 Nxd5 16. cxd5 Nd4 17. f5 f6 18. Rac1 Qd8 19. h4 b3 20. a3 Nc2 21. Bh3 Nxe3 22. Qxe3 a5 23. Ng3 Rf7 24. g5 Kh8 25. Rf2 a4 26. Rcf1 Rc8 27. fxg6 hxg6 28. gxf6 Bf8 29. Qg5 Bxh3 30. Kxh3 Qd7+ 31. Kg2 Kh7 32. h5 gxh5 33. Rh1 Kh8 34. Rxh5+ Rh7 35. f7 Rxh5 36. Qg8# 1-0